| 000 | 00414nam a22001457a 4500 | ||
|---|---|---|---|
| 003 | OSt | ||
| 005 | 20211015101539.0 | ||
| 008 | 211015b |||||||| |||| 00| 0 eng d | ||
| 020 | _a3906290654 | ||
| 040 | _chu | ||
| 100 |
_amesfin wolde maris _913862 |
||
| 245 | _asuffering under god,s environment:a vertical study of the preicament of peasants in north central ethiopia | ||
| 300 | _a220 | ||
| 942 |
_2ddc _cBOOKS _n0 |
||
| 999 |
_c12937 _d12937 |
||